000 00858nmm a2200265 a 4500
001 ocm000645426
003 TR-IsHL
005 20201028132737.0
008 131030s2006 tu tur
007 cr cn
020 _a9789756476109
035 _a645426
_b(N$T)
050 0 4 _aBJ1291
_b.D46 2006
090 0 4 _aBJ1291
_b.D46 2006
100 1 _aDemirci, Osman
245 1 0 _aBugünkü halimiz ve kurtuluş çaremiz gençlere tavsiyeler
_h[electronic resource] /
_cOsman Demirci
260 _aİstanbul :
_bCihan Yayınları,
_c2006
300 _a178
650 4 _aFelsefe, Psikoloji ve Din
650 4 _aPhilosophy, Psychology and Religion
650 0 _aİslam ahlakı
650 0 _aIslamic ethics
650 7 _aRELIGION / Ethics
_2bisacsh
856 4 0 _uhttp://search.ebscohost.com/login.aspx?direct=true&scope=site&db=e011xww&AN=645426
999 _c5257
_d5257